Sustainable tourism in protect areas: guidelines for planning and Mangement (Registro nro. 1012)
[ vista simple ]
| 000 -CABECERA | |
|---|---|
| campo de control de longitud fija | 00746aam a2200265 4500 |
| 005 - FECHA Y HORA DE ACTUALIZACIÓN | |
| campo de control | 20160923105324.0 |
| 008 - LONGITUD FIJA | |
| campo de control de longitud fija | 150325b xxu||||| |||| 00| 0 spa d |
| 041 ## - IDIOMA | |
| Código de idioma del texto/pista de sonido o título separado | |
| 082 ## - CLASIFICACIÓN DECIMAL DEWEY | |
| Número de clasificación | 3.27 O635s |
| 100 ## - AUTOR PERSONAL | |
| Nombre de persona | Organización Mundial del Turismo |
| 245 ## - TÍTULO PROPIAMENTE DICHO | |
| Título | Sustainable tourism in protect areas: guidelines for planning and Mangement |
| 260 ## - PIE DE IMPRENTA | |
| Lugar de publicación, distribución, etc. | España |
| 260 ## - PIE DE IMPRENTA | |
| Nombre del editor, distribuidor, etc. | OMT |
| 260 ## - PIE DE IMPRENTA | |
| Fecha de publicación, distribución, etc. | 2002 |
| 300 ## - DESCRIPCIÓN FÍSICA | |
| Extensión | 183 páginas |
| 650 ## - Materia General | |
| Materia general | TURISMO SOSTENIBLE |
| 650 ## - Materia General | |
| Materia general | ÁREAS PROTEGIDAS |
| 650 ## - Materia General | |
| Materia general | INFRAESTRUCTURA |
| 650 ## - Materia General | |
| Materia general | SERVICIOS |
| 650 ## - Materia General | |
| Materia general | RECURSOS HUMANOS |
| 650 ## - Materia General | |
| Materia general | CONCESIONES |
| 650 ## - Materia General | |
| Materia general | FINANZAS |
| 650 ## - Materia General | |
| Materia general | PLANES DE MANEJO |
| 942 ## - Punto de Acceso Adicional Koha | |
| Tipo de ítem Koha | Libro |
| Estado perdido | Estado dañado | No para préstamo | Biblioteca permanente | Biblioteca actual | Signatura completa | Código de barras | Precio efectivo a partir del | Tipo de ítem |
|---|---|---|---|---|---|---|---|---|
| Departamento de Biblioteca y Documentación Alfonso Chase Brenes | Departamento de Biblioteca y Documentación Alfonso Chase Brenes | 3.27 O635s | 8651 | 23/09/2016 | Libro |